Women Tennis Players by Last Names - Statistics

General Stats
  • This quiz has been taken 48 times
  • The average score is 29 of 50
Answer Stats
First Name Last Name Nationality % Correct
Coco Gauff United States
94%
Naomi Osaka Japan
94%
Iga Swiatek Poland
92%
Caroline Wozniacki Denmark
89%
Jessica Pegula United States
86%
Madison Keys United States
86%
Ons Jabeur Tunisia
83%
Victoria Azarenka Belarus
83%
Elena Rybakina Kazakhstan
81%
Emma Raducanu United Kingdom
81%
Aryna Sabalenka Belarus
78%
Sloane Stephens United States
78%
Sofia Kenin United States
78%
Paula Badosa Spain
75%
Danielle Collins United States
72%
Maria Sakkari Greece
72%
Barbora Krejcikova Czech Republic
69%
Petra Kvitova Czech Republic
69%
Bianca Andreescu Canada
67%
Jasmine Paolini Italy
67%
Daria Kasatkina Australia
64%
Marketa Vondrousova Czech Republic
64%
Jelena Ostapenko Latvia
61%
Emma Navarro United States
58%
Caroline Garcia France
56%
Karolina Muchova Czech Republic
53%
Katie Boulter United Kingdom
53%
Elina Svitolina Ukraine
50%
Marta Kostyuk Ukraine
50%
Belinda Bencic Switzerland
47%
Anna Kalinskaya Russia
44%
Beatriz Haddad Maia Brazil
44%
Donna Vekic Croatia
44%
Elise Mertens Belgium
44%
Sara Errani Italy
44%
Leylah Fernandez Canada
42%
Karolina Pliskova Czech Republic
39%
Magda Linette Poland
39%
Alize Cornet France
36%
Laura Siegemund Germany
36%
Qinwen Zheng China
36%
Sorana Cirstea Romania
36%
Katerina Siniakova Czech Republic
33%
Linda Noskova Czech Republic
31%
Liudmila Samsonova Russia
31%
Anastasia Pavlyuchenkova Russia
28%
Ekaterina Alexandrova Russia
28%
Dayana Yastremska Ukraine
25%
Veronika Kudermetova Russia
25%
Yulia Putintseva Kazakhstan
25%
No matching quizzes found
Score Distribution
Percent of People with Each Score
Percentile by Number Answered
Your Score History
You have not taken this quiz